Victory over the darkness: (Record no. 17131)

000 -LEADER
fixed length control field 00531nam a2200169 a 4500
001 - CONTROL NUMBER
control field :::00020858$&:&@@
003 - CONTROL NUMBER IDENTIFIER
control field OkBaRHE
005 - DATE AND TIME OF LATEST TRANSACTION
control field 20040124150347.0
008 - FIXED-LENGTH DATA ELEMENTS--GENERAL INFORMATION
fixed length control field s1990 j 000 0 eng u
040 ## - CATALOGING SOURCE
Transcribing agency
100 1# - MAIN ENTRY--PERSONAL NAME
Personal name Anderson, Neil T.
245 10 - TITLE STATEMENT
Title Victory over the darkness:
Remainder of title realizing the power of your identity in Christ.
260 ## - PUBLICATION, DISTRIBUTION, ETC. (IMPRINT)
Place of publication, distribution, etc Ventura, CA
Name of publisher, distributor, etc Regal Books
Date of publication, distribution, etc 1990
300 ## - PHYSICAL DESCRIPTION
Extent 245 p.
942 ## - ADDED ENTRY ELEMENTS (KOHA)
Source of classification or shelving scheme
Koha item type Books
Copies
Copy number Withdrawn status Date last seen Koha item type Not for loan Barcode Damaged status Lost status Source of classification or shelving scheme Date acquired Price effective from Full call number Shelving location Permanent Location
1 2010-04-14Books 20858   2010-04-142010-04-14BV 4520 .A55General StacksRHEMA Bible Training College